Reading and study skills

Bibliographic Details
Main Author: Langan, John
Format: Book
Published: New York : McGraw-Hill , 1992
Subjects:

MARC

LEADER 00000cam a2200000 7i4500
001 0000002053
002 000002241
005 20000330.0
020 |a 0070363838 
090 0 0 |a 378.170281   |b LAN 
100 1 |a Langan, John 
245 1 0 |a Reading and study skills   |c John Langan 
260 |a New York :   |b McGraw-Hill ,   |c 1992 
300 |a 554p. ;   |c 23cm. 
650 0 0 |a Reading (High education)   |z United States 
650 0 0 |a Study, Method of 
999 |a 028119   |b BUKU   |c PINJAMAN   |e PERPUSTAKAAN KOMUNITI PETALING JAYA